000 00915cab a2200277 4500
001 ABS54317
008 090401t1996 xxu||||| |||| 00| 0 eng d
035 _a(Sirsi) u9768
041 _aeng
100 _aHann, R.
245 _aNew scope for profit
260 _c1996
350 _a0
490 _aMunicipal Journal
_v(3) 19 January 1996, 22-23(2)
520 _aExamines recent DoE advice to local authorities` direct service and labour organisations on cross-boundary tendering and trading for profit and conflict with the Local Authorities (Goods and Services) Act 1970.
650 _aCCT
650 _aCOMPULSORY COMPETITIVE TENDERING
650 _aCROSS-BOUNDARY TENDERING
650 _aDSOS
650 _aLOCAL AUTHORITIES (GOODS AND SERVICES) ACT 1970
650 _aLOCAL AUTHORITIES
650 _aTRADING FOR PROFIT
690 _aECONOMIC AND SOCIAL
942 _n0
948 _c04/03/1997
999 _c6142
_d6142